Green Day Songs - Sudden Death #5 - Statistics

General Stats
  • This quiz has been taken 50 times
  • The average score is 9 of 16
Answers on the Grid
Answers color-coded by a green-red scale on the quiz's grid according to % correct below.
A Boy Named Sue
Adam's Song
Amy
Annie's Song
Arabella
Ashley
Bab's Uvula Who?
Bill Gates
Bobby Sox
Christian's Inferno
Christie Road
Dirty Diana
Drew Barrymore
East Jesus Nowhere
Eleanor Rigby
Goodnight Adeline
Hey Joe
Hey There Delilah
J.A.R. (Jason Andrew Relva)
Jeremy
Macy's Day Parade
Maria
Mary Jane's Last Dance
My Sharona
Peg
Rusty James
St. Jimmy
Stuart and the Ave.
Suzie Chapstick
Sweet Caroline
Tim McGraw
¡Viva la Gloria!
 
Answer Stats
Answer % Correct
21st Century Breakdown ¡Viva la Gloria!
74%
Saviors Bobby Sox
72%
21st Century Breakdown East Jesus Nowhere
72%
Warning Macy's Day Parade
70%
American Idiot St. Jimmy
70%
Insomniac Bab's Uvula Who?
67%
Single J.A.R. (Jason Andrew Relva)
65%
Kerplunk Christie Road
60%
21st Century Breakdown Christian's Inferno
58%
Insomniac Stuart and the Ave.
56%
Saviors Suzie Chapstick
56%
Dos Amy
47%
Saviors Goodnight Adeline
44%
Dos Ashley
42%
International Superhits Maria
42%
Uno Rusty James
35%
No matching quizzes found
Score Distribution
Percent of People with Each Score
Percentile by Number Answered
Your Score History
You have not taken this quiz